| 000 | 01596cam a2200409 a 4500 | ||
|---|---|---|---|
| 001 | 2156475 | ||
| 003 | OSt | ||
| 005 | 20210417113518.0 | ||
| 008 | 990329s1999 cau b 001 0 eng | ||
| 010 | _a 99015149 | ||
| 020 | _a0156007517 | ||
| 040 |
_aDLC _cDLC _dDLC |
||
| 041 | 1 |
_aeng _hita |
|
| 042 | _apcc | ||
| 050 | 0 | 0 |
_aP106 _b.E29 1999 |
| 080 |
_a821.111 _bE-18 |
||
| 082 | 0 | 0 |
_a401 _221 |
| 100 | 1 | _aEco, Umberto. | |
| 240 | 1 | 0 |
_aEssays. _kSelections. _lEnglish |
| 245 | 1 | 0 |
_aSerendipities : _blanguage & lunacy / _cUmberto Eco ; translated by William Weaver. |
| 250 | _a1st Harvest ed. | ||
| 260 |
_aSan Diego : _bHarcourt Brace, _c1999. |
||
| 300 |
_aix, 129 p. ; _c21 cm. |
||
| 365 | _b12 usd | ||
| 504 | _aIncludes bibliographical references (p. [117]-119) and index. | ||
| 650 | 0 |
_aLanguage and languages _xPhilosophy. |
|
| 650 | 0 | _aIntercultural communication. | |
| 653 | _aლინგვისტიკა | ||
| 653 | _aფილოსოფია | ||
| 653 | _aლიტერატურა | ||
| 653 | _aპროზა | ||
| 856 | 4 | 2 |
_3Publisher description _uhttp://www.loc.gov/catdir/description/har041/99015149.html |
| 856 | 4 | 2 |
_3Contributor biographical information _uhttp://www.loc.gov/catdir/enhancements/fy0733/99015149-b.html |
| 906 |
_a7 _bcbc _corignew _d1 _eocip _f19 _gy-gencatlg |
||
| 942 |
_2udc _cBK _e1 |
||
| 999 |
_c209 _d209 |
||